| 000 | 00550nam a22001817a 4500 | ||
|---|---|---|---|
| 005 | 20231109084449.0 | ||
| 008 | 231109b |||||||| |||| 00| 0 eng d | ||
| 020 | _a0702126438 ; 070212642 | ||
| 041 | _aEnglish | ||
| 082 | _a349 WIL | ||
| 100 | _lEnglish | ||
| 245 |
_aWille's Principles of South African Law / _cHutchison, D |
||
| 250 | _aEighth Edition | ||
| 260 |
_aCape Town : _bJuta and Company Ltd, _c1991 |
||
| 300 |
_bcxxxix, 743 pages ; _c26 cm. |
||
| 650 |
_aLegal practice _bLaw |
||
| 942 |
_cBK _6ALISON_BN_VRIES |
||
| 999 |
_c461 _d461 |
||